Introducing cultural and media studies : (Record no. 20867)
[ view plain ]
| 000 -LEADER | |
|---|---|
| fixed length control field | 00569nam a2200205 a 4500 |
| 005 - DATE AND TIME OF LATEST TRANSACTION | |
| control field | 20140310183256.0 |
| 008 - FIXED-LENGTH DATA ELEMENTS--GENERAL INFORMATION | |
| fixed length control field | 041104s19uu xx 00 eng d |
| 050 ## - LIBRARY OF CONGRESS CALL NUMBER | |
| Classification number | HM 623 |
| Item number | .T59 2002 |
| 100 ## - MAIN ENTRY--PERSONAL NAME | |
| Personal name | Thwaites, Tony |
| 245 ## - TITLE STATEMENT | |
| Title | Introducing cultural and media studies : |
| Remainder of title | a semiotic approach. |
| 300 ## - PHYSICAL DESCRIPTION | |
| Extent | 240 p. : |
| Other physical details | ill. ; |
| Dimensions | 23 cm. |
| 521 ## - TARGET AUDIENCE NOTE | |
| Target audience note | |
| 650 ## - SUBJECT ADDED ENTRY--TOPICAL TERM | |
| Topical term or geographic name as entry element | Culture |
| General subdivision | Study and teaching. |
| 650 ## - SUBJECT ADDED ENTRY--TOPICAL TERM | |
| Topical term or geographic name as entry element | Semiotics. |
| 650 ## - SUBJECT ADDED ENTRY--TOPICAL TERM | |
| Topical term or geographic name as entry element | Mass media |
| General subdivision | Social aspects. |
| 700 ## - ADDED ENTRY--PERSONAL NAME | |
| Personal name | Davis, Lloyd |
| 700 ## - ADDED ENTRY--PERSONAL NAME | |
| Personal name | Mules, Warwick |
| 942 ## - ADDED ENTRY ELEMENTS (KOHA) | |
| Koha item type | Books |
| Source of classification or shelving scheme | Library of Congress Classification |
| Call number prefix | Foreign |
| Withdrawn status | Lost status | Source of classification or shelving scheme | Damaged status | Home library | Current library | Shelving location | Date acquired | Total Checkouts | Full call number | Barcode | Date last seen | Price effective from | Koha item type |
|---|---|---|---|---|---|---|---|---|---|---|---|---|---|
| Library of Congress Classification | College Library | College Library | General Circulation Section | 11/04/2004 | HM 623 .T59 2002 | C5592 | 05/15/2018 | 03/10/2014 | Books |